Statistics for Manchester United Random Players 2000 to 2014

Click here to take the quiz!

General Stats

  • This quiz has been taken 1,058 times
    (935 since last reset)
  • The average score is 20 of 30

Answer Stats

HintAnswer% Correct
Lazy Bulgarian Striker who has a touch of a maestroDimitar Berbatov
97%
He signed from Sporting Lisbon and later joined Real Madrid he is PortugeseCristiano Ronaldo
95%
He signed from Everton he is English and goal scoring machineWayne Rooney
94%
Currently is retired and works on Sky Sports, English right backGary Neville
93%
One of the all time United greats plays left midfield and is WelshRyan Giggs
93%
Rock at the back Serbian and is leaving to join Inter this summer 13/14Nemanja Vidic
92%
Currently working under David Moyes English retire LBPhil Neville
92%
Ginger Midfield maestro, EnglishPaul Scholes
91%
My Favourite player Mexican poacher , strikerChicharito
86%
French CM, plays for Juventus 13/14Paul Pogba
86%
Dutch Gk retired played for Fulham before joining UnitedVan Der Sar
85%
Spanish CAM who played for ChelseaMata
84%
Signed from Dortmund JapaneseShinji Kagawa
83%
He is Dutch retired and he played for Real Madrid he is a strikerVan Nistelrooy
83%
CDM, Irish works for ITV SportRoy Keane
82%
CB who plays for barcaGerard Pique
81%
Goalkeeper French retired baldFabian Barthez
76%
Signed from athletico BilbaoAnder Herrera
69%
Famous for his Bulldog like approach , Currently plays for Juventus he's ArgentinanCarlos Tevez
69%
English Striker, who retired in 2008 scored against Munich in the champions league finalTeddy Sheringham
67%
Italian flop scored against Aston Villa he is a strikerFederico Macheda
61%
Highly Rated youngster born in Kosovo wears number 44Adnan Januzaj
48%
He is a Goalkeeper who currently plays for olympiakos and he is Northern IrishRoy Carroll
48%
Dutch LB, currently at the club 13/14Buttner
47%
This guy is also Portugese he is currently on loan at pacos de Ferreira 13/14Bebe
43%
CAM who featured in USA tour 2014Jesse Lingard
27%
English CAM, who is currently on loan at QPR he doesn't play for United anymoreRavel Morrison
24%
Scored 2 on his pro debutJames Wilson
16%
Signed from Crystal Palace is a wingerWilfred Zaha
14%
Played for Burnley and Watford as well as United English RMChris Eagles
11%

Score Distribution

Percentile by Number Answered

Percent of People with Each Score

Your Score History

You have not taken this quiz since the last reset